00980nam a22002177a 450000500170000001000150001702000280003203500140006003700090007408200170008310000270010024501760012726000600030327000790036330000260044250000220046870000830049094200310057399900190060495201390062320240522165314.0 aENG-140494 c11658.00a9788195635436 aEN-124026 bDBAD a581.68095452 aKarthigeyan, K.966800 aEndemic And Threatened Vascular Plants Of West Bengal/cBy K. Karthigeyan...[et. al.]  bThe Director, Botanical Survey Of India c2022aKolkata aCGO Complex, 3rd MSO Building, Sector-I, Salt Lake City bKolkata e700064 a235p.c24cm(Hb)bill. aReferences, Index 966738aKarthigeyan, K., Ranjan, Vinay, Gogoi, Rajib, Dash, S. S., Yadav, V. K. 2ddccENh581.68095452mKAR c203201d203201 001040708NFICaCJbCJd2024-05-22eDBADg11658.00l0o581.68095452 KARpEN-124026r2024-05-22 00:00:00t1v11658.00w2024-05-22yEN